The second homeland : (Record no. 75213)
[ view plain ]
| 000 -LEADER | |
|---|---|
| fixed length control field | 01079nam a22002657a 4500 |
| 005 - DATE AND TIME OF LATEST TRANSACTION | |
| control field | 20130508105054.0 |
| 010 ## - LCCN (DPL NO) | |
| LC control number | ENG-107060 |
| 020 ## - INTERNATIONAL STANDARD BOOK NUMBER | |
| International Standard Book Number | 9788132107071 |
| Terms of availability | 895.00 |
| 035 ## - SYSTEM CONTROL NUMBER | |
| System control number | EN-90593 |
| 037 ## - SOURCE OF ACQUISITION | |
| Source of stock number/acquisition | DBAD/PUB |
| 082 00 - DEWEY DECIMAL CLASSIFICATION NUMBER | |
| Classification number | 940.53145 |
| Edition number | 23 |
| 100 1# - MAIN ENTRY--PERSONAL NAME | |
| Personal name | Bhattacharjee, Anuradha |
| 245 14 - TITLE STATEMENT | |
| Title | The second homeland : |
| Remainder of title | Polish refugees in India / |
| Statement of responsibility, etc | by Anuradha Bhattacharjee ; with the Chronicle of Franek Herzog |
| 260 ## - PUBLICATION, DISTRIBUTION, ETC. (IMPRINT) | |
| Place of publication, distribution, etc | New Delhi |
| Name of publisher, distributor, etc | SAGE Publications |
| Date of publication, distribution, etc | 2012 |
| 270 ## - ADDRESS | |
| Address | B1/I-1 Mohan Cooperative Industrial Area , Mathura Road |
| City | New Delhi |
| Postal code | 110044 |
| 300 ## - PHYSICAL DESCRIPTION | |
| Extent | xxvi, 322 p. : |
| Other physical details | ill. (some col.), maps |
| Dimensions | 23 cm(Hb) |
| 500 ## - GENERAL NOTE | |
| General note | Includes bibliographical references (p. [311]-315) and index. |
| 650 #0 - SUBJECT ADDED ENTRY--TOPICAL TERM | |
| Topical term or geographic name as entry element | Polish people |
| Geographic subdivision | India |
| General subdivision | History |
| Chronological subdivision | 20th century. |
| 650 #0 - SUBJECT ADDED ENTRY--TOPICAL TERM | |
| Topical term or geographic name as entry element | World War, 1939-1945 |
| General subdivision | Deportations from Poland. |
| 650 #0 - SUBJECT ADDED ENTRY--TOPICAL TERM | |
| Topical term or geographic name as entry element | World War, 1939-1945 |
| General subdivision | Deportations from Soviet Union. |
| 650 #0 - SUBJECT ADDED ENTRY--TOPICAL TERM | |
| Topical term or geographic name as entry element | Refugees |
| Geographic subdivision | Soviet Union |
| General subdivision | History. |
| 650 #0 - SUBJECT ADDED ENTRY--TOPICAL TERM | |
| Topical term or geographic name as entry element | Refugees |
| Geographic subdivision | India |
| General subdivision | History |
| Chronological subdivision | 20th century. |
| 700 1# - ADDED ENTRY--PERSONAL NAME | |
| Personal name | Herzog, Franek |
| 942 ## - ADDED ENTRY ELEMENTS (KOHA) | |
| Source of classification or shelving scheme | Dewey Decimal Classification |
| Item type | English Books |
| Classification part | 940.53145 |
| Call number suffix | BHA |
| Withdrawn status | Lost status | Not for loan | Collection code | Home library | Current library | Date acquired | Source of acquisition | Cost, normal purchase price | Full call number | Barcode | Copy number | Cost, replacement price | Koha item type |
|---|---|---|---|---|---|---|---|---|---|---|---|---|---|
| Not For Loan | Non-fiction | D.B.Act.Division | D.B.Act.Division | 08/05/2013 | DBAD/PUB | 895.00 | 940.53145 BHA | EN-90593 | 1 | 895.00 | English Books |
